000 00800 a2200241 4500
001 63206
005 20260407155928.0
008 260407a1959 arg spa d
003 AR-UNSa-BCEJYS
040 _aAR-UNSa-BCEJYS
_bspa
_cAR-UNSa-BCEJYS
080 _a510
_xConsideraciones fundamentales y generales de las matemáticas
245 1 0 _aMatemática superior para matemáticos, físicos e ingenieros
264 1 _aBarcelona :
_bLabor
_c1959
300 _a3 v. (686 ; 325 ; 480 p.)
_c22 cm.
505 _aVol. I: Elementos -- Vol. II: Ejercicios -- Vol. III: Complementos
041 _aspa
942 _cBK
590 _aniveau_biblio:m niveau_hierar:0
100 1 _aRothe, R.
700 1 _aCañedo-Argüelles, Ernesto de
700 1 _aAbellanas, Pedro
700 1 _aFuentes, José Ramón
999 _c8047
_d8047